Responses for Show #2255 - Friday, May 27, 1994

Contestants

[<< previous game]

Dave Maley, a public relations specialist from Ithaca, New York

John Evans-Klock, a budget examiner from Arlington, Virginia

Kevin Olmstead, an environmental engineering professor from Ann Arbor, Michigan (whose 2-day cash winnings total $25,901)

[next game >>]

Jeopardy! Round responses

MAMMALS
BROADWAY LYRICS
1890s AMERICA
GAS
FOOD
LODGING
    $100 6
gnu

Kevin
    $100 16
"Tomorrow"

John
    $100 17
Teddy Roosevelt

Dave
    $100 1
gas pump

Dave
    $100 11
Swiss chard

John
    $100 26
ducks

Dave
    $200 7
Africa

John
    $200 22
Mickey Mouse

Kevin
    $200 18
(Alex: Remember [*], yes.)

the Maine

Dave
    $200 2
66 & 76

Kevin
    $200 12
Domino's

Dave
    $200 27
Mount Rushmore

Dave
    $300 8
manatees

Dave
    $300 23
"What Kind Of Fool Am I"

John
    $300 19
Harrisburg

Dave
    $300 3
alcohol

Dave
    $300 13
vanilla

Dave
    $300 28
Salt Lake City

Dave
    $400 9
(John: What are rats?)
(Dave: What are gophers?)

hamsters

JohnDave
Triple Stumper
    $400 24
"How Are Things In Glocca Morra"

Kevin
    $700 20
(Dave: What is the Philippines?)

Hawaii

Dave
    $400 4
knocking

Dave
    $400 14
(Dave: What is oatmeal?)

corn(meal)

KevinDave
    $400 29
Richmond

John
    $500 10
sperm whales

John
    $500 25
(Kevin: What is someone will say we're in love?)

people will say we're in love

KevinJohn
    $500 21
Walt Whitman

John
    $500 5
Mobil

Kevin
    $500 15
Lorna Doone

Dave
    $500 30
Boston

Dave

Scores at the first commercial break (after clue 15):

Kevin John Dave
$1,200 $400 $1,300

Scores at the end of the Jeopardy! Round:

Kevin John Dave
$1,300 $2,200 $2,300

Double Jeopardy! Round responses

FAMOUS NAMES
WORLD RELIGIONS
BULGARIA
FIRST LADIES
ECONOMICS
KIDDIE LIT
    $200 1
(Samuel) Morse

Dave
    $200 11
Judaism

Kevin
    $200 26
the Communist Party

Dave
    $200 21
Martha Washington

Dave
    $200 16
2

Dave
    $200 6
Little House on the Prairie

Dave
    $400 2
(Kevin: Who is Calamity Jane?)

Annie Oakley

KevinJohn
    $400 12
the Maori

Dave
    $400 27
the Danube

John
    $400 22
Betty Ford

John
    $400 17
coins

Kevin
    $400 7
(Dave: What is Black Beauty?)

The Black Stallion

Dave
Triple Stumper
    $600 3
Rorschach

Kevin
    $600 13
the Druids

Kevin
    $600 28
(Kevin: What is Germany?)
(Dave: What is Russia? [*]?)
(Alex: [*], yes.)

the Soviet Union

KevinDave
    $600 23
Barbara Bush

Dave
    $600 18
the net profit

Dave
    $600 8
C.S. Lewis

Dave
    $800 4
Moliere

Kevin
    $800 14
Mary Baker Eddy

Dave
    $1,000 29
Sofia

Dave
    $800 24
Mary Todd Lincoln

Dave
    $800 19
capital gain

Kevin
    $800 9
(Kenneth) Grahame

John
    $1000 5
Potemkin

Triple Stumper
    $500 15
the Iroquois

Dave
    $1000 30
Christo

Triple Stumper
    $1000 25
Abigail Adams

Kevin
    $1000 20
liquid

Dave
    $1000 10
(Robert) Graves

Kevin

Scores at the end of the Double Jeopardy! Round:

Kevin John Dave
$5,700 $4,200 $9,800

[wagering suggestions for these scores]

Final Jeopardy! Round responses

STATE CAPITALS
(Alex: Well, one thing we all know for sure, it's not Honolulu.)
[Laughter]
JohnWhat is Hele Bismark N.D
$4,100
KevinWhat is Fargo?
$2,800
DaveWhat is Bismark
$2,000
Bismarck, North Dakota

Final scores:

Kevin John Dave
$2,900 $8,300 $11,800
3rd place: Carey Limousine rides + Wheel of Fortune & Jeopardy! for Super Nintendo Entertainment System & Sega Genesis 2nd place: General Instrument satellite TV system + Sanyo 31" TV New champion: $11,800

Game dynamics:

Coryat scores:

Kevin John Dave
$5,700 $4,200 $10,800
14 R,
3 W
12 R,
1 W
29 R
(including 2 DDs),
4 W
(including 1 DD)

Combined Coryat: $20,700

[game clues] [game scores] [suggest correction]

Game tape date: 1994-01-31
The J! Archive is created by fans, for fans. Scraping, republication, monetization, and malicious use prohibited; this site may use cookies and collect identifying information. See terms. The Jeopardy! game show and all elements thereof, including but not limited to copyright and trademark thereto, are the property of Jeopardy Productions, Inc. and are protected under law. This website is not affiliated with, sponsored by, or operated by Jeopardy Productions, Inc. Join the discussion at JBoard.tv.